Lazarillo de Tormes / (Registro nro. 11059)

Detalles MARC
000 -LIDER
fixed length control field 00682nam a2200241 a 4500
001 - NÚMERO DE CONTROL
Identificador de número de control 000000332
003 - IDENTIFICACDOR DE NÚMERO DE CONTROL
control field DO-SdBNP
005 - DATE AND TIME OF LATEST TRANSACTION
control field 20240711100313.0
007 - CAMPOS FIJOS DE DESCRIPCIÓN FÍSICA
fixed length control field 000000332
008 - ELEMENTOS DE LONGITUD FIJA
fixed length control field 081127s2008 dr a 000 0 spa d
020 ## - ISBN
International Standard Book Number 9789945408133
040 ## - FUENTE DE CATALOGACIÓN
Agencia que crea de manera original el registro BPMSU
Idioma de catalogación spa
Agencia que realiza la transcripción BPMSU
082 #4 - NÚMERO DE CLASIFICACIÓN DECIMAL DE DEWEY
Classification number 863.3
Item number L431t 2008
Edition number 22
245 00 - MENCIÓN DE TITULO
Título Lazarillo de Tormes /
Mención de responsabilidad Anónimo
260 ## - PUBLICACIÓN, DISTRIBUCIÓN, ETC. (PIE DE IMPRENTA)
Lugar de publicación, distribución, etc Santo Domingo :
Nombre del editor, distribuidor, etc. Argos,
Fecha de publicación, distribución, etc 2008.
300 ## - DESCRIPCIÓN FÍSICA
Extensión 86 p.:
Otros detalles físicos il.;
Dimensiones 21 cm.
490 0# - MENCIÓN DE SERIES
Mención de serie Literatura universal ;
-- Leer es saber.
590 ## - NOTA LOCAL
Texto de la nota local Inventariado, 2024/VM
650 #4 - ENCABEZAMIENTO DE MATERIA--TEMÁTICO
Término temático o nombre geográfico como elemento de entrada Novela española
650 #4 - ENCABEZAMIENTO DE MATERIA--TEMÁTICO
Término temático o nombre geográfico como elemento de entrada Literatura picaresca española.
910 ## - VALIDACIÓN
Validación VMateo V. Control de calidad. BPMSU
942 ## - ADDED ENTRY ELEMENTS (KOHA)
Source of classification or shelving scheme Dewey Decimal Classification
Koha item type Libros
Existencias
Withdrawn status Lost status Source of classification or shelving scheme Damaged status Not for loan Collection code Home library Current library Date acquired Source of acquisition Total Checkouts Full call number Barcode Date last seen Price effective from Koha item type Copy number
    Dewey Decimal Classification     Colección Juvenil Dominicana Biblioteca Pública Metropolitana Salomé Ureña Biblioteca Pública Metropolitana Salomé Ureña 07/29/2016 Compra   BPMSU CJD 863.3 L431t 2008 BPMSU18010086 07/29/2016 07/29/2016 Libros  
    Dewey Decimal Classification     Colección Juvenil Dominicana Biblioteca Pública Metropolitana Salomé Ureña Biblioteca Pública Metropolitana Salomé Ureña 08/01/2016 Compra   BPMSU CJD 863.3 L431t 2008 BPMSU16080005 08/01/2016 08/01/2016 Libros e.2